British cities scramble - Statistics

General Stats
  • This quiz has been taken 205 times
  • The average score is 9 of 15
Answer Stats
Hint Answer % Correct
noldon London
98%
reddonlonry Londonderry
84%
chremestan Manchester
83%
sansawe Swansea
82%
mousthnapto Southampton
81%
stewcalen Newcastle
76%
insensrev Inverness
70%
thopulmy Plymouth
66%
streech Chester
65%
flexiwesto Felixstowe
39%
scrallie Carlisle
37%
mintathong Nottingham
32%
klickorman Kilmarnock
28%
lewcary Crawley
27%
grained Reading
22%
No matching quizzes found
Score Distribution
Percent of People with Each Score
Percentile by Number Answered
Your Score History
You have not taken this quiz